000 00258nam a22001217a 4500
008 180117b xxu||||| |||| 00| 0 eng d
041 _aeng
080 _a94
100 _a16
101 _aHIS
245 _aTHE ARGENTINE REPUBLIC
_cDENIS,P
942 _2udc
_cBK
999 _c40414
_d40414